000 00882nam a2200277 i 4500
003 DO-SdBNP
005 20240710111250.0
007 ta
008 240710b1984 dr |||| |||| 00| 0 spa d
020 _a843208400X
040 _aDO-SdBNP
_bspa
_cBNPHU
_erda
082 4 _222
100 _aRobbins, Harold.
_d1916-1997
_99765
_eautor
245 1 3 _aEl descenso de xanadú /
_cHarold Robbins ; traducción, Helena Valenti Petit
264 _aBarcelona :
_bPlaneta,
_c1984.
300 _a267 páginas ;
_c21 cm.
336 _2rdacontent
_atexto
_btxt
337 _2rdamedia
_asin mediación
_bn
338 _2rdacarrier
_avolumen
_bnc
490 _aPlaneta Serie Oro
500 _aIncluye datos biográficos del autor en la solapa de la cubierta
590 _aInventariado, 2024/BT
700 _aValenti Petit, Helena,
_etraducción
_986026
910 _aBtavárez
942 _2ddc
_cLBS1
999 _c57235
_d57235